000 00398nam a2200157 i 4500
001 bg
245 0 _aTeoria i projektowanie filtrów /
_cpod red. G.C. Temesa i S.K. Mitry.
260 _aWarszawa,
_c1978.
650 9 _aFiltry
_xteoria
700 1 _aTemes, G. C.
_eRed.
700 1 _aMitra, S. K.
_eRed.
040 _cBPK
041 _apol
942 _cKS
008 s pl f |000 0 pol
999 _c731
_d731
856 _uhttp://koha.tu.koszalin.pl/cgi-bin/koha/opac-detail.pl?biblionumber=731
_yKatalog online BPK